| 000 | 00357nam a2200145Ia 4500 | ||
|---|---|---|---|
| 003 | OSt | ||
| 005 | 20240207112456.0 | ||
| 008 | 170523s9999 xx 000 0 und d | ||
| 020 | _a978-0070374676 | ||
| 040 | _ciimt university meerut | ||
| 100 | _aLEVIN- RICHARD I | ||
| 245 | 0 | _aQUANTITATIVE APPROACH TO MANAGEMENT | |
| 260 | _bMC GRAW HILL | ||
| 942 |
_2ddc _c02 |
||
| 999 |
_c375 _d375 |
||